00610nam a22001575i 4500001000700000003000900007005001700016008004100033080002000074100002200094245010800116260003900224300003400263500008900297852006600386170565ES-MaACL20230906214411.0090317s1919 fr |||| | fre d a821.133.1-2"19"1 aFeydeau, Georges.13aLa dame de chez Maxim b: pièce en trois actes : acte II (suite) et acte III / cpar Georges Feydeau. a[Paris : bL'Illustration, c1919] aP-41-74 p. : bil. ; c30 cm. aPublicado en: La Petite Illustration Théatrale, nouvelle serie nº 3, 17 mai 1919. aES-MaACLj2278-F-9 z.- Biblioteca Jacinto Martínez Lacalle